Jamaican Parishes - Statistics

General Stats
  • This quiz has been taken 102 times
  • The average score is 10 of 14
Answer Stats
Answer % Correct
Kingston
90%
St. Ann
78%
St. James
78%
Westmoreland
78%
St. Andrew
73%
St. Elizabeth
73%
St. Mary
73%
Clarendon
69%
Manchester
69%
St. Thomas
69%
Hanover
67%
Portland
65%
St. Catherine
65%
Trelawny
65%
No matching quizzes found
Score Distribution
Percent of People with Each Score
Percentile by Number Answered
Your Score History
You have not taken this quiz